<?xml version="1.0" encoding="UTF-8"?>
<record
    xmlns:xsi="http://www.w3.org/2001/XMLSchema-instance"
    xsi:schemaLocation="http://www.loc.gov/MARC21/slim http://www.loc.gov/standards/marcxml/schema/MARC21slim.xsd"
    xmlns="http://www.loc.gov/MARC21/slim">

  <leader>     aam a22     7a 4500</leader>
  <datafield tag="999" ind1=" " ind2=" ">
    <subfield code="c">7228</subfield>
    <subfield code="d">7228</subfield>
  </datafield>
  <controlfield tag="003">OSt</controlfield>
  <controlfield tag="005">20190605181120.0</controlfield>
  <controlfield tag="008">190605t2019    sp ||||  |||||0|| 0 spa|d</controlfield>
  <datafield tag="017" ind1=" " ind2=" ">
    <subfield code="a">DL M 10356-2019</subfield>
    <subfield code="b">Oficina DL Madrid</subfield>
  </datafield>
  <datafield tag="020" ind1=" " ind2=" ">
    <subfield code="a">9788436841053</subfield>
  </datafield>
  <datafield tag="040" ind1=" " ind2=" ">
    <subfield code="a">ES-CaUJI</subfield>
    <subfield code="b">cat</subfield>
    <subfield code="c">CDMR</subfield>
  </datafield>
  <datafield tag="100" ind1="1" ind2=" ">
    <subfield code="a">Magall&#xF3;n Rosa, Ra&#xFA;l,</subfield>
  </datafield>
  <datafield tag="245" ind1="1" ind2="0">
    <subfield code="a">Unfaking news </subfield>
    <subfield code="b">: c&#xF3;mo combatir la desinformaci&#xF3;n /</subfield>
    <subfield code="c">Ra&#xFA;l Magall&#xF3;n Rosa</subfield>
  </datafield>
  <datafield tag="260" ind1=" " ind2=" ">
    <subfield code="a">Madrid :</subfield>
    <subfield code="b">Pir&#xE1;mide,</subfield>
    <subfield code="c">[2019]</subfield>
  </datafield>
  <datafield tag="300" ind1=" " ind2=" ">
    <subfield code="a">204 p. :</subfield>
    <subfield code="b">il ;</subfield>
    <subfield code="c">23 cm</subfield>
  </datafield>
  <datafield tag="504" ind1=" " ind2=" ">
    <subfield code="a">Bibliografia: p. 189-204</subfield>
  </datafield>
  <datafield tag="650" ind1=" " ind2="7">
    <subfield code="a">Fake news</subfield>
    <subfield code="2">lemac</subfield>
  </datafield>
  <datafield tag="650" ind1="0" ind2="7">
    <subfield code="a">Mitjans de comunicaci&#xF3; de massa</subfield>
    <subfield code="2">lemac</subfield>
    <subfield code="9">3243</subfield>
    <subfield code="x">Manipulaci&#xF3;</subfield>
  </datafield>
  <datafield tag="650" ind1=" " ind2="4">
    <subfield code="a">Rumor</subfield>
    <subfield code="9">3901</subfield>
    <subfield code="x">Aspectes socials</subfield>
  </datafield>
  <datafield tag="650" ind1=" " ind2="7">
    <subfield code="a">Desinformaci&#xF3;</subfield>
    <subfield code="2">lemac</subfield>
    <subfield code="9">4286</subfield>
  </datafield>
  <datafield tag="942" ind1=" " ind2=" ">
    <subfield code="c">MON</subfield>
  </datafield>
  <datafield tag="952" ind1=" " ind2=" ">
    <subfield code="0">0</subfield>
    <subfield code="1">0</subfield>
    <subfield code="4">0</subfield>
    <subfield code="7">0</subfield>
    <subfield code="a">CDMR</subfield>
    <subfield code="b">CDMR</subfield>
    <subfield code="d">2019-06-05</subfield>
    <subfield code="e">Intercanvi</subfield>
    <subfield code="g">16.00</subfield>
    <subfield code="l">9</subfield>
    <subfield code="m">7</subfield>
    <subfield code="o">Ck 3/31</subfield>
    <subfield code="p">CDMR19060002</subfield>
    <subfield code="r">2020-12-22</subfield>
    <subfield code="s">2020-11-09</subfield>
    <subfield code="v">16.00</subfield>
    <subfield code="w">2019-06-05</subfield>
    <subfield code="y">MON</subfield>
  </datafield>
</record>
